| 000 | 00774nam a2200205 4500 | ||
|---|---|---|---|
| 001 | 111361 | ||
| 003 | ES-MaACL | ||
| 005 | 20251205130009.0 | ||
| 007 | t| | ||
| 008 | 061121s1978 sp r ||||1| spa d | ||
| 100 | 1 |
_aOlivares, Gaspar de Guzmán, _cConde Duque de, _d1587-1645 _986766 |
|
| 245 | 1 | 0 |
_aMemoriales y cartas del Conde Duque de Olivares / _cConde Duque de Olivares ; [edición] John H. Elliott, José F. de la Peña. |
| 260 |
_aMadrid : _bAlfaguara, _c1978. |
||
| 300 |
_a2 v. ; _c23 cm. |
||
| 505 | 8 | _aContiene: Tomo I Política interior. Tomo II Politica interior. | |
| 700 | 1 |
_aElliott, J. H., _d1930- _947042 |
|
| 700 | 1 |
_aPeña, José Francisco de la, _d1945-1995 _990228 |
|
| 852 |
_aES-MaACL _jL-572-3 _bR.98688 |
||
| 999 |
_c111361 _d111361 |
||